<?xml version="1.0" encoding="UTF-8"?>
<collection xmlns="http://www.loc.gov/MARC21/slim">
 <record>
  <leader>03945nam a22003734a 4500</leader>
  <controlfield tag="001">1/52380</controlfield>
  <controlfield tag="008">040520s2004    ctua     b    001 0 eng  </controlfield>
  <datafield tag="010" ind1=" " ind2=" ">
   <subfield code="a">2004011540</subfield>
  </datafield>
  <datafield tag="020" ind1=" " ind2=" ">
   <subfield code="a">1593111592 (hardcover)</subfield>
  </datafield>
  <datafield tag="020" ind1=" " ind2=" ">
   <subfield code="a">1593110693 (pbk.)</subfield>
  </datafield>
  <datafield tag="035" ind1=" " ind2=" ">
   <subfield code="a">(OCoLC)55473524</subfield>
   <subfield code="z">(OCoLC)927161900</subfield>
  </datafield>
  <datafield tag="040" ind1=" " ind2=" ">
   <subfield code="a">DLC</subfield>
   <subfield code="b">eng</subfield>
   <subfield code="c">DLC</subfield>
   <subfield code="d">UOH</subfield>
  </datafield>
  <datafield tag="042" ind1=" " ind2=" ">
   <subfield code="a">pcc</subfield>
  </datafield>
  <datafield tag="050" ind1="0" ind2="0">
   <subfield code="a">LC5803.C65</subfield>
   <subfield code="b">O55 2004</subfield>
  </datafield>
  <datafield tag="082" ind1="0" ind2="0">
   <subfield code="a">370.715 ONL</subfield>
   <subfield code="2">22</subfield>
  </datafield>
  <datafield tag="090" ind1=" " ind2=" ">
   <subfield code="a">LC5803 .C65.O.55 2004</subfield>
  </datafield>
  <datafield tag="245" ind1="0" ind2="0">
   <subfield code="a">Online professional development for teachers /</subfield>
   <subfield code="c">[edited by] Charalambos Vrasidas, Gene V. Glass.</subfield>
  </datafield>
  <datafield tag="260" ind1=" " ind2=" ">
   <subfield code="a">Greenwich, Conn. :</subfield>
   <subfield code="b">Information Age Pub.,</subfield>
   <subfield code="c">c2004.</subfield>
  </datafield>
  <datafield tag="300" ind1=" " ind2=" ">
   <subfield code="a">xiv, 351 p. :</subfield>
   <subfield code="b">ill. ;</subfield>
   <subfield code="c">24 cm.</subfield>
  </datafield>
  <datafield tag="490" ind1="1" ind2=" ">
   <subfield code="a">Current perspectives on applied information technologies.</subfield>
  </datafield>
  <datafield tag="505" ind1="0" ind2="0">
   <subfield code="t">Preface /</subfield>
   <subfield code="r">Chris Dede --</subfield>
   <subfield code="g">1.</subfield>
   <subfield code="t">Teacher professional development : issues and trends /</subfield>
   <subfield code="r">Charalambos Vrasidas and Gene V. Glass --</subfield>
   <subfield code="g">2.</subfield>
   <subfield code="t">Online conferences of professional development /</subfield>
   <subfield code="r">Terry Anderson and Jo-An Christiansen --</subfield>
   <subfield code="g">3.</subfield>
   <subfield code="t">Developing teacher knowledge and pedagogy in a large-scale, electronic conference environment for professional development /</subfield>
   <subfield code="r">Jenny Leach, David Harrison, Bob McCormick and Bob Moon --</subfield>
   <subfield code="g">4.</subfield>
   <subfield code="t">computer-mediated community of learners in teacher education /</subfield>
   <subfield code="r">H. Carol Greene and Susan G. Magliaro --</subfield>
   <subfield code="g">5.</subfield>
   <subfield code="t">Faculty incentives and development for online learning /</subfield>
   <subfield code="r">Susan G. Haag, Leah S. Folkestad and Suzanne W. Dietrich --</subfield>
   <subfield code="g">6.</subfield>
   <subfield code="t">Online professional development : science inquiry in the online environment /</subfield>
   <subfield code="r">Wynne Harlen and Susan J. Doubler --</subfield>
   <subfield code="g">7.</subfield>
   <subfield code="t">Emerging and experienced professional selves in cyber discourse /</subfield>
   <subfield code="r">Irit Kupferberg and Miriam Ben-Peretz --</subfield>
   <subfield code="g">8.</subfield>
   <subfield code="t">MEPP faculty experience /</subfield>
   <subfield code="r">Greg Kearsley /</subfield>
   <subfield code="r">MEPP Faculty --</subfield>
   <subfield code="g">9.</subfield>
   <subfield code="t">Using Web-based pedagogical tools to support student self-regulation : what do teachers need to know? /</subfield>
   <subfield code="r">Anastasia Kitsantas and Nada Dabbagh --</subfield>
   <subfield code="g">10.</subfield>
   <subfield code="t">Technology enhancements across cultures in higher education /</subfield>
   <subfield code="r">Madeline Burgess, Jan Currie and Dorit Maor --</subfield>
   <subfield code="g">11.</subfield>
   <subfield code="t">Online professional development of teachers through the schools around the world (SAW) program /</subfield>
   <subfield code="r">May-hung Cheng, Carol F. Stoel and Erma Anderson --</subfield>
   <subfield code="g">12.</subfield>
   <subfield code="t">Preparing teachers for e-teaching via e-learning /</subfield>
   <subfield code="r">Michal Zellermayer, Nili Mor and Ida Heilweil --</subfield>
   <subfield code="g">13.</subfield>
   <subfield code="t">Opportunities with e-learning : changing teachers' pedagogies /</subfield>
   <subfield code="r">Dorit Maor --</subfield>
   <subfield code="g">14.</subfield>
   <subfield code="t">Design for success : applying progressive educational principles online /</subfield>
   <subfield code="r">Carla R. Payne --</subfield>
   <subfield code="g">15.</subfield>
   <subfield code="t">They understand what it takes : a pioneers' view on teachers' professional development /</subfield>
   <subfield code="r">Sanne F. Akkerman, Ineke J. I. Lam and Wilfried F. Admiraal --</subfield>
   <subfield code="g">16.</subfield>
   <subfield code="t">Sustaining teachers' efforts in technology integration : a peer learning community model for professional development /</subfield>
   <subfield code="r">Xue Ge and Scot McAdoo --</subfield>
   <subfield code="g">17.</subfield>
   <subfield code="t">Shifting the teaching paradigm : professional development in online teaching and learning /</subfield>
   <subfield code="r">Rigmor George, Denise Wood and Dale Wache --</subfield>
   <subfield code="g">18.</subfield>
   <subfield code="t">Understanding cognitive transactions in teaching and learning within virtual communities /</subfield>
   <subfield code="r">Neil H. Schwartz and Beatrice Ligorio --</subfield>
   <subfield code="g">19.</subfield>
   <subfield code="t">Developing online teacher video cases for learning technology integration /</subfield>
   <subfield code="r">Wilhelmina Savenye, Thomas Brush, James Middleton, Ann Igoe and Terri Kurz.</subfield>
  </datafield>
  <datafield tag="500" ind1=" " ind2=" ">
   <subfield code="a">&quot;Center for the Application of Information Technologies.&quot;</subfield>
  </datafield>
  <datafield tag="504" ind1=" " ind2=" ">
   <subfield code="a">Includes bibliographical references and index.</subfield>
  </datafield>
  <datafield tag="650" ind1=" " ind2="0">
   <subfield code="a">Distance education</subfield>
   <subfield code="x">Computer-assisted instruction.</subfield>
  </datafield>
  <datafield tag="650" ind1=" " ind2="4">
   <subfield code="a">Εκπαίδευση, Εξ αποστάσεως</subfield>
   <subfield code="x">Διδασκαλία με τη βοήθεια υπολογιστή.</subfield>
  </datafield>
  <datafield tag="650" ind1=" " ind2="0">
   <subfield code="a">Teachers</subfield>
   <subfield code="x">In-service training.</subfield>
  </datafield>
  <datafield tag="650" ind1=" " ind2="0">
   <subfield code="a">Educational technology.</subfield>
  </datafield>
  <datafield tag="700" ind1="1" ind2=" ">
   <subfield code="a">Vrasidas, Charalambos.</subfield>
  </datafield>
  <datafield tag="700" ind1="1" ind2=" ">
   <subfield code="a">Glass, Gene V.,</subfield>
   <subfield code="d">1940-</subfield>
  </datafield>
  <datafield tag="710" ind1="2" ind2=" ">
   <subfield code="a">Center for the Application of Information Technologies.</subfield>
  </datafield>
  <datafield tag="830" ind1=" " ind2="0">
   <subfield code="a">Current perspectives on applied information technologies.</subfield>
  </datafield>
  <datafield tag="852" ind1=" " ind2=" ">
   <subfield code="a">INST</subfield>
   <subfield code="b">UNIPILB</subfield>
   <subfield code="c">MAIN</subfield>
   <subfield code="e">20210721</subfield>
   <subfield code="h">370.715 ONL</subfield>
   <subfield code="p">00183110</subfield>
   <subfield code="q">00183110</subfield>
   <subfield code="t">LOAN</subfield>
   <subfield code="y">0</subfield>
   <subfield code="4">1</subfield>
  </datafield>
  <datafield tag="960" ind1=" " ind2=" ">
   <subfield code="a">GEORGE</subfield>
  </datafield>
  <datafield tag="960" ind1=" " ind2=" ">
   <subfield code="a">ΜΑΡΙΑ ΒΕΛ</subfield>
  </datafield>
 </record>
</collection>
